| 000 | 00534pab a2200169 454500 | ||
|---|---|---|---|
| 008 | 180718b2012 xxu||||| |||| 00| 0 eng d | ||
| 100 | _aBakiev, Erlan | ||
| 245 | _aThe role of organizational social capital in increasing organizational performance in public organizations: Evidence from Kyrgyz National Police (KNP) | ||
| 260 | _c2012 | ||
| 300 | _ap.976-988. | ||
| 362 | _aDec | ||
| 650 | _aOrganizations | ||
| 700 | _aKapucu, Naim | ||
| 773 | _aInternational Journal of Public Administration | ||
| 908 | _aN | ||
| 909 | _a98730 | ||
| 999 |
_c98729 _d98729 |
||